| 000 | 00976nam a2200301 i 4500 | ||
|---|---|---|---|
| 001 | 18801 | ||
| 003 | ES-MaACL | ||
| 005 | 20231025172414.0 | ||
| 007 | t| | ||
| 008 | 020315s1989 sp ||||0| spa j | ||
| 016 | 7 | _zSAB9000097226 | |
| 020 | _a84-320-5869-6 | ||
| 040 |
_aM-BN-DP _bspa _cM-BN-DP |
||
| 080 | _a32 Utrera Molina, José | ||
| 080 | _a32(460)"1939/75" | ||
| 100 | 1 |
_aUtrera Molina, José. _9112333 |
|
| 245 | 1 | 0 |
_aSin cambiar de bandera / _cJosé Utrera Molina ; prólogo de Manuel Alcántara. |
| 250 | _a[1ª ed.]. | ||
| 260 |
_aBarcelona : _bPlaneta, _c1989. |
||
| 300 |
_a282 p. : _bil. ; _c24 cm. |
||
| 490 | 1 |
_aEspejo de España. Serie Biografías y memorias ; _v139 |
|
| 504 | _aIndice. | ||
| 600 | 1 | 4 |
_aUtrera Molina, José. _9112333 |
| 651 | 4 |
_aEspaña- _xHistoria- _y1939-1975, Dictadura. _9167928 |
|
| 830 | 0 |
_aEspejo de España. Biografías y memorias _v139 _9180516 |
|
| 852 |
_aES-MaACL _jG-712 _bR.131064 |
||
| 999 |
_c18801 _d18801 |
||